000 00298nam a2200121Ia 4500
005 20251222155139.0
008 251222s9999||||xx |||||||||||||| ||spa||
082 _aPED. 11.4
245 0 _aManual Enfermería Pediátrica Vol. 4
250 _a1ra. ed.
264 _bCiencia y técnicas
942 _cLIB
999 _c39118
_d39118